| Tag |
First Indicator |
Second Indicator |
Subfields |
| LEADER |
00000cam a2200000 i 4500 |
| 001 |
in00004760621 |
| 008 |
171109s2018 maua b 000 0 eng |
| 005 |
20231211185748.2 |
| 010 |
|
|
|a 2017044435
|
| 035 |
|
|
|a (OCoLC)on1012687646
|
| 040 |
|
|
|a DLC
|b eng
|e rda
|c DLC
|d OCLCO
|d BDX
|d OCLCQ
|d YDX
|d RB0
|d OCP
|d CZA
|d GZM
|d OCLCF
|d YUS
|d IMD
|d OCLCQ
|d DYJ
|d LKC
|d UPM
|d SZR
|d OCL
|d OTP
|d OCLCO
|d OCL
|d OCLCO
|d FUG
|d OCLCO
|
| 019 |
|
|
|a 1022694117
|
| 020 |
|
|
|a 9781941628102
|q (paperback)
|
| 020 |
|
|
|a 1941628109
|q (paperback)
|
| 024 |
8 |
|
|a 40027965210
|
| 035 |
|
|
|a (OCoLC)1012687646
|z (OCoLC)1022694117
|
| 042 |
|
|
|a pcc
|
| 050 |
0 |
0 |
|a GR825
|b .S24 2018
|
| 082 |
0 |
0 |
|a 001.944
|2 23
|
| 100 |
1 |
|
|a Samatar, Sofia,
|e author.
|
| 245 |
1 |
0 |
|a Monster portraits /
|c images by Del Samatar ; text by Sofia Samatar.
|
| 264 |
|
1 |
|a Brookline, MA :
|b Rose Metal Press, Inc.,
|c 2018.
|
| 300 |
|
|
|a 78 pages :
|b illustrations ;
|c 22 cm
|
| 336 |
|
|
|a text
|b txt
|2 rdacontent
|
| 337 |
|
|
|a unmediated
|b n
|2 rdamedia
|
| 338 |
|
|
|a volume
|b nc
|2 rdacarrier
|
| 500 |
|
|
|a Accession # 2018_0048.
|
| 500 |
|
|
|a “Donated by Jeremy Brett.”
|
| 504 |
|
|
|a Includes bibliographical references (pages 67-73).
|
| 520 |
|
|
|a "An uncanny and imaginative autobiography of otherness, it offers the fictional record of a writer in the realms of the fantastic shot through with the memories of a pair of Somali-American children growing up in the 1980s. Operating under the sign of two--texts and drawings, brother and sister, black and white, extraordinary and everyday--Monster Portraits multiplies, disintegrates, and blends, inviting the reader to find the danger in the banal, the beautiful in the grotesque. Accumulating into a breathless journey and groundbreaking study, these brief fictions and sketches claim the monster as a fragmentary vastness: not the sum but the derangement of its parts."--Amazon.com.
|
| 505 |
0 |
|
|a The field -- The perfect traveler -- The green lady -- The shadow beast -- The search -- The knight of the beak -- Notebook (I) -- The wedding of the graphis -- The clan of the claw -- The early ones -- The collector of treasures -- The book of the kryl -- Notebook (II) -- Beauty -- The sexy zebra -- The nanny -- Monsters of the fairy kingdom -- The huntress -- Notebook (III) -- Monsters of compassion -- The abyss -- Everyday monsters -- The scribes -- Nameless -- Liber monstrorum -- Self-portrait.
|
| 650 |
|
0 |
|a Monsters.
|
| 650 |
|
0 |
|a Monsters
|v Pictorial works.
|
| 650 |
|
0 |
|a Monsters
|x Social aspects.
|
| 650 |
|
6 |
|a Monstres.
|
| 650 |
|
6 |
|a Monstres
|v Ouvrages illustrés.
|
| 650 |
|
6 |
|a Monstres
|x Aspect social.
|
| 650 |
|
7 |
|a Monsters
|2 fast
|
| 655 |
|
7 |
|a Fantasy fiction
|2 fast
|
| 655 |
|
7 |
|a Pictorial works
|2 fast
|
| 655 |
|
7 |
|a Fantasy fiction.
|2 lcgft
|
| 700 |
1 |
|
|a Samatar, Del,
|e illustrator.
|
| 776 |
0 |
8 |
|i Online version:
|a Samatar, Sofia.
|t Monster portraits.
|d Brookline, MA : Rose Metal Press, [2018]
|z 9781941628119
|w (DLC) 2017055619
|
| 938 |
|
|
|a Brodart
|b BROD
|n 121616967
|
| 938 |
|
|
|a YBP Library Services
|b YANK
|n 15145816
|
| 029 |
1 |
|
|a CHBIS
|b 011152540
|
| 029 |
1 |
|
|a CHVBK
|b 515847356
|
| 994 |
|
|
|a Z0
|b TXA
|
| 948 |
|
|
|h HELD BY TXA - 182 OTHER HOLDINGS
|
| 999 |
f |
f |
|s 2a975b64-3d6d-48aa-9193-8d8de141da09
|i 86955e7a-02f1-4b6c-9484-11e9dc3d1ebc
|t 0
|
| 952 |
f |
f |
|p noncirc
|a Texas A&M University
|b College Station
|c Cushing Memorial Library & Archives
|d Cushing: Science Fiction (Does not check out)
|t 0
|e GR825 S24 2018
|h Library of Congress classification
|i unmediated -- volume
|m A14853250511
|
| 998 |
f |
f |
|a GR825 S24 2018
|t 0
|l Cushing: Science Fiction (Does not check out)
|